[Event "Midland Ch Forrest Cup"]
[Site "Derby"]
[Date "1985.02.15"]
[Round "1"]
[White "Nicholls, David J"]
[Black "Smith, Alan A"]
[Result "0-1"]
[WhiteElo "1998"]
[BlackElo "2238"]
[PlyCount "58"]
[EventDate "1985.02.15"]
[EventType "swiss"]
[EventRounds "6"]
[EventCountry "ENG"]
[SourceTitle "BritBase"]
[Source "John Saunders"]
[SourceDate "2022.08.21"]
[SourceVersion "1"]
[SourceVersionDate "2022.08.21"]
[SourceQuality "1"]

1. e4 c5 2. Nc3 Nc6 3. f4 g6 4. Nf3 Bg7 5. Bc4 e6 6. d3 Nge7 7. Bb3 d6 8. f5
gxf5 9. Bg5 h6 10. Bd2 Bd7 11. O-O Qb6 12. Kh1 O-O-O 13. a4 Nd4 14. a5 Qc7 15.
Nxd4 cxd4 16. Ne2 Be8 17. Ng3 fxe4 18. dxe4 h5 19. Nxh5 Be5 20. Bf4 d5 21. g3
dxe4 22. Nf6 Bc6 23. Ba4 e3+ 24. Kg1 Bxf4 25. Rxf4 Ng6 26. Rg4 Ne5 27. Bxc6
Nxg4 28. Bd7+ Rxd7 29. Nxd7 Nxh2 {Best game prize} 0-1

[Event "Midland Ch Forrest Cup"]
[Site "Derby"]
[Date "1985.02.15"]
[Round "1"]
[White "Jackson, Oliver A"]
[Black "Alcock, Michael"]
[Result "0-1"]
[WhiteElo "2192"]
[BlackElo "2058"]
[PlyCount "74"]
[EventDate "1985.02.15"]
[EventType "swiss"]
[EventRounds "6"]
[EventCountry "ENG"]
[SourceTitle "BritBase"]
[Source "John Saunders"]
[SourceDate "2022.08.21"]
[SourceVersion "1"]
[SourceVersionDate "2022.08.21"]
[SourceQuality "1"]

1. e4 c5 2. Nc3 d6 3. f4 Nf6 4. Nf3 e6 5. Be2 Be7 6. O-O O-O 7. d3 Nc6 8. Qe1
Qc7 9. Qg3 Nd4 10. Bd1 d5 11. e5 Ne8 12. Nxd4 cxd4 13. Ne2 Qb6 14. f5 exf5 15.
Nf4 Be6 16. Bf3 Rd8 17. Bd2 Kh8 18. Rae1 Nc7 19. Bc1 Bc8 20. Kh1 g5 21. Nh5 Qg6
22. Qf2 Ne6 23. Bd1 f4 24. g3 f5 25. exf6 Bxf6 26. gxf4 gxf4 27. Rg1 Ng5 28.
Nxf4 Qf7 29. Bh5 Nh3 30. Qf1 Qd7 31. Bg4 Qxg4 32. Rxg4 $18 Bxg4 33. Ne6 $2 (33.
Nxh3 Bh4 34. Bf4 $18) 33... Bh4 34. Nxf8 Nf2+ 35. Kg1 Rxf8 36. Bh6 Rg8 37. Re5
$4 (37. Qg2 Bd7 38. Qxg8+ Kxg8 39. Rf1 $11) 37... Bh3+ 0-1

[Event "Midland Ch Forrest Cup"]
[Site "Derby"]
[Date "1985.02.15"]
[Round "1"]
[White "Dempsey, Anthony C"]
[Black "Gostelow, David W"]
[Result "1-0"]
[WhiteElo "2185"]
[BlackElo "1982"]
[PlyCount "61"]
[EventDate "1985.02.15"]
[EventType "swiss"]
[EventRounds "6"]
[EventCountry "ENG"]
[SourceTitle "BritBase"]
[Source "John Saunders"]
[SourceDate "2022.08.21"]
[SourceVersion "1"]
[SourceVersionDate "2022.08.21"]
[SourceQuality "1"]

1. Nf3 g6 2. d4 Bg7 3. c4 c5 4. e4 Na6 5. Nc3 d6 6. Be2 Nf6 7. O-O O-O 8. Rb1
Bg4 9. Be3 Rc8 10. d5 h6 11. a3 Qa5 12. Nd2 Bxe2 13. Qxe2 Kh7 14. f4 Nd7 15. e5
dxe5 16. f5 Qd8 17. fxg6+ fxg6 18. Nde4 Nf6 19. Rbd1 b6 20. Bc1 Nc7 21. Rd3 Nh5
22. Qg4 Rxf1+ 23. Kxf1 Ne8 24. Rf3 Nef6 25. Qe6 Qg8 26. Qxe7 a6 27. Nxf6+ Nxf6
28. Rxf6 Re8 29. Qf7 Qh8 30. Qxg6+ Kg8 31. Qxe8+ 1-0

[Event "Midland Ch Forrest Cup"]
[Site "Derby"]
[Date "1985.02.15"]
[Round "1"]
[White "Gilbert, AJ."]
[Black "Small, Simon W"]
[Result "0-1"]
[WhiteElo "1960"]
[BlackElo "2155"]
[PlyCount "84"]
[EventDate "1985.02.15"]
[EventType "swiss"]
[EventRounds "6"]
[EventCountry "ENG"]
[SourceTitle "BritBase"]
[Source "John Saunders"]
[SourceDate "2022.08.21"]
[SourceVersion "1"]
[SourceVersionDate "2022.08.21"]
[SourceQuality "1"]

1. e4 c5 2. Nf3 d6 3. Bb5+ Bd7 4. Bxd7+ Nxd7 5. O-O Ngf6 6. Qe2 e6 7. c3 Be7 8.
d4 O-O 9. Rd1 Qc7 10. Bf4 Rfd8 11. Na3 a6 12. Rac1 b5 13. Nc2 Qb7 14. e5 dxe5
15. dxe5 Nd5 16. Bg3 c4 17. Ncd4 Nc5 18. Ne1 Bg5 19. Rc2 Rac8 20. Ndf3 Nf4 21.
Bxf4 Bxf4 22. Rxd8+ Rxd8 23. g3 Bh6 24. Nd4 g6 25. f4 Bf8 26. Qg2 Qb6 27. Kf1
Rd5 28. h3 Na4 29. Qf3 Qd8 30. Qe2 Qd7 31. Nef3 Be7 32. h4 h5 33. Kg2 Nc5 34.
Ne1 Qb7 35. Kh3 Kg7 36. Kh2 Nd7 37. Nef3 Bc5 38. Kg1 Nb8 39. Kh2 Nc6 40. Nxc6
Qxc6 41. Nd2 Rd3 42. Ne4 Re3 0-1

[Event "Midland Ch Forrest Cup"]
[Site "Derby"]
[Date "1985.02.15"]
[Round "1"]
[White "Gilmore, Simon N"]
[Black "Maullin, Robert E"]
[Result "0-1"]
[WhiteElo "1810"]
[BlackElo "2028"]
[PlyCount "42"]
[EventDate "1985.02.15"]
[EventType "swiss"]
[EventRounds "6"]
[EventCountry "ENG"]
[SourceTitle "BritBase"]
[Source "John Saunders"]
[SourceDate "2022.08.21"]
[SourceVersion "1"]
[SourceVersionDate "2022.08.21"]
[SourceQuality "1"]

1. e4 e6 2. d3 d5 3. Nc3 c5 4. g3 Nf6 5. Bg2 Nc6 6. Bg5 d4 7. Nce2 Be7 8. f4
Ng4 9. Bxe7 Qxe7 10. Qd2 Ne3 11. Kf2 e5 12. Nf3 Bg4 13. f5 g6 14. fxg6 fxg6 15.
Rhe1 O-O 16. Neg1 Qf6 17. Rxe3 dxe3+ 18. Qxe3 Nd4 19. Rc1 Rf7 20. h3 Bxf3 21.
Bxf3 Raf8 0-1

[Event "Midland Ch Forrest Cup"]
[Site "Derby"]
[Date "1985.02.15"]
[Round "1"]
[White "Burke, Stephen J"]
[Black "Toothill, Andrew"]
[Result "1-0"]
[WhiteElo "1982"]
[BlackElo "2192"]
[PlyCount "75"]
[EventDate "1985.02.15"]
[EventType "swiss"]
[EventRounds "6"]
[EventCountry "ENG"]
[SourceTitle "BritBase"]
[Source "John Saunders"]
[SourceDate "2022.08.21"]
[SourceVersion "1"]
[SourceVersionDate "2022.08.21"]
[SourceQuality "1"]

1. c4 e5 2. Nc3 d6 3. g3 Nc6 4. Bg2 g6 5. e3 Bg7 6. Nge2 Be6 7. Nd5 Qd7 8. O-O
Nge7 9. d3 O-O 10. Rb1 Nd8 11. Nxe7+ Qxe7 12. b4 f5 13. f4 c6 14. Qc2 Rc8 15.
Kh1 Nf7 16. Bb2 h5 17. Ng1 h4 18. gxh4 Qxh4 19. Rf3 Nh6 20. Rh3 Qe7 21. Nf3 Ng4
22. Ng5 Bf6 23. Nxe6 Qxe6 24. fxe5 dxe5 25. Qe2 Kg7 26. Bf3 Nxe3 $5 27. Qxe3 $2
(27. Rg1 f4 28. Rh5) 27... f4 28. Qe2 Qxh3 29. Bg4 f3 $1 $17 30. Bxc8 Rxc8 31.
Qf2 Rd8 32. Rg1 Rxd3 33. Bc1 e4 34. Qxa7 Be5 35. Qxb7+ Rd7 36. Rxg6+ Kxg6 37.
Qxc6+ Kh5 $4 (37... Kf7 $19) 38. Qh6+ 1-0

[Event "Midland Ch Forrest Cup"]
[Site "Derby"]
[Date "1985.02.15"]
[Round "1"]
[White "Wheeler, Darren P"]
[Black "Heelan, David W"]
[Result "1-0"]
[WhiteElo "2028"]
[BlackElo "1795"]
[PlyCount "105"]
[EventDate "1985.02.15"]
[EventType "swiss"]
[EventRounds "6"]
[EventCountry "ENG"]
[SourceTitle "BritBase"]
[Source "John Saunders"]
[SourceDate "2022.08.21"]
[SourceVersion "1"]
[SourceVersionDate "2022.08.21"]
[SourceQuality "1"]

1. e4 e5 2. Nf3 Nc6 3. Bb5 f5 4. d3 fxe4 5. dxe4 Nf6 6. O-O d6 7. Bg5 Be7 8.
Nc3 O-O 9. h3 Be6 10. Bxc6 bxc6 11. Qe2 Qe8 12. Nh4 Nd7 13. Qe3 Qd8 14. Bxe7
Qxe7 15. Qg3 Qf6 16. b3 Rae8 17. Rad1 Re7 18. Rd3 Ref7 19. Nf3 h6 20. Re3 Qe7
21. Nh4 Rb8 22. Ng6 Qe8 23. f4 exf4 24. Rxf4 Rxf4 25. Nxf4 Bf7 26. Nd3 Ne5 27.
Nxe5 dxe5 28. Rd3 Qe7 29. Qe3 Qa3 30. Rd7 Rc8 31. Qd2 Qf8 32. Rd3 Be6 33. Kh2
Qe7 34. Qf2 Qa3 35. Qg3 Qc5 36. Qg6 Bf7 37. Qg4 Rf8 38. Rg3 g6 39. Qd7 Qd6 40.
Rd3 Qf6 41. Qxc7 Qf4+ 42. Rg3 h5 43. Ne2 Qxe4 44. Ng1 Qf4 45. Ne2 Qe4 46. Nc1
Qf4 47. Nd3 Qd2 48. Qxc6 Re8 49. Qf6 Qxc2 50. Nxe5 Qc7 51. Nxg6 Bxg6 52. Qxg6+
Kf8 53. Qf6+ 1-0

[Event "Midland Ch Forrest Cup"]
[Site "Derby"]
[Date "1985.02.15"]
[Round "1"]
[White "Kemp, Peter D"]
[Black "Dicks, Russell"]
[Result "1-0"]
[WhiteElo "2118"]
[BlackElo "1832"]
[PlyCount "77"]
[EventDate "1985.02.15"]
[EventType "swiss"]
[EventRounds "6"]
[EventCountry "ENG"]
[SourceTitle "BritBase"]
[Source "John Saunders"]
[SourceDate "2022.08.21"]
[SourceVersion "1"]
[SourceVersionDate "2022.08.21"]
[SourceQuality "1"]

1. e4 c5 2. Nf3 Nc6 3. d4 cxd4 4. Nxd4 Nf6 5. Nc3 e5 6. Ndb5 d6 7. Bg5 a6 8.
Na3 Be6 9. Nc4 Rc8 10. Ne3 Be7 11. Bxf6 Bxf6 12. Ncd5 Bg5 13. c3 O-O 14. Be2 g6
15. O-O f5 16. exf5 gxf5 17. f4 Bh6 18. Kh1 Ne7 19. Nxe7+ Qxe7 20. Nd5 Qd8 21.
g3 Kh8 22. Qd2 Qa5 23. Ne3 Qc5 24. c4 Rcd8 25. Rad1 Qc7 26. Nd5 Qf7 27. b3 Rg8
28. Qc3 Bg7 29. Qf3 Bf8 30. Qh5 Rg6 31. Qh4 Rd7 32. Bh5 Kg7 33. Bxg6 Qxg6 34.
Qh3 Kh8 35. Qg2 Rg7 36. Qb2 Qh5 37. fxe5 Rxg3 38. Nf4 Qh4 39. Qf2 {time} 1-0

[Event "Midland Ch Forrest Cup"]
[Site "Derby"]
[Date "1985.02.15"]
[Round "1"]
[White "Blore, John D"]
[Black "Arkell, Keith C"]
[Result "0-1"]
[WhiteElo "2035"]
[BlackElo "2320"]
[PlyCount "102"]
[EventDate "1985.02.15"]
[EventType "swiss"]
[EventRounds "6"]
[EventCountry "ENG"]
[SourceTitle "BritBase"]
[Source "John Saunders"]
[SourceDate "2022.08.21"]
[SourceVersion "1"]
[SourceVersionDate "2022.08.21"]
[SourceQuality "1"]

1. e4 c5 2. c3 Nf6 3. e5 Nd5 4. d4 cxd4 5. cxd4 e6 6. a3 b6 7. Nf3 Be7 8. Bd3
Ba6 9. b4 Bxd3 10. Qxd3 Nc6 11. O-O O-O 12. Nc3 Nxc3 13. Qxc3 Rc8 14. Qe3 d5
15. Bd2 b5 16. Rfc1 Qb6 17. Qd3 a5 18. Bg5 f6 19. exf6 Bxf6 20. Bxf6 gxf6 21.
Re1 Rce8 22. bxa5 Nxa5 23. Rab1 Nc4 24. Rb4 Qa5 25. Qb3 Qxa3 26. Rxb5 Qxb3 27.
Rxb3 Re7 28. Ra1 Kf7 29. Rb5 Rc8 30. Ne1 Rcc7 31. Nd3 Ra7 32. Rxa7 Rxa7 33. g4
Nd6 34. Rb6 Ke7 35. Nc5 Ra1+ 36. Kg2 Rd1 37. Rb4 e5 38. dxe5 fxe5 39. Ra4 Nb5
40. Ra6 Kf7 41. g5 Nd4 42. Nd7 e4 43. Nf6 Nf3 44. Nxh7 Rg1+ 45. Kh3 d4 46. Ra7+
Kg6 47. Nf8+ Kxg5 48. Rg7+ Kf5 49. Rf7+ Ke5 50. Re7+ Kf6 51. Rd7 d3 0-1

[Event "Midland Ch Forrest Cup"]
[Site "Derby"]
[Date "1985.02.16"]
[Round "2"]
[White "Escott, Keith L"]
[Black "Waddingham, Graham A"]
[Result "0-1"]
[WhiteElo "2118"]
[BlackElo "2245"]
[PlyCount "40"]
[EventDate "1985.02.15"]
[EventType "swiss"]
[EventRounds "6"]
[EventCountry "ENG"]
[SourceTitle "BritBase"]
[Source "John Saunders"]
[SourceDate "2022.08.21"]
[SourceVersion "1"]
[SourceVersionDate "2022.08.21"]
[SourceQuality "1"]

1. e4 e5 2. f4 exf4 3. Nf3 g5 4. h4 g4 5. Ne5 d6 6. Nxg4 Be7 7. h5 Bh4+ 8. Nf2
Qg5 9. d3 Nf6 10. Be2 Rg8 11. Bf3 Bg4 12. Rxh4 Qxh4 13. Bxf4 Bxf3 14. Qxf3 Nxh5
15. g4 Nc6 16. Na3 Nd4 17. Qe3 Nxf4 18. Qxf4 h5 19. Kd2 Ne6 20. Rh1 Qxh1 0-1

[Event "Midland Ch Forrest Cup"]
[Site "Derby"]
[Date "1985.02.16"]
[Round "2"]
[White "Small, Simon W"]
[Black "Burke, Stephen J"]
[Result "1-0"]
[WhiteElo "2155"]
[BlackElo "1982"]
[PlyCount "115"]
[EventDate "1985.02.15"]
[EventType "swiss"]
[EventRounds "6"]
[EventCountry "ENG"]
[SourceTitle "BritBase"]
[Source "John Saunders"]
[SourceDate "2022.08.21"]
[SourceVersion "1"]
[SourceVersionDate "2022.08.21"]
[SourceQuality "1"]

1. d4 g6 2. Nc3 Bg7 3. Nf3 d6 4. e4 a6 5. a4 Nd7 6. Be2 c5 7. d5 Nh6 8. h4 Ne5
9. Nxe5 dxe5 10. h5 Qd6 11. a5 Bd7 12. Na4 Bxa4 13. Rxa4 f5 14. f3 f4 15. Ra3
Rb8 16. Bd2 O-O 17. Bc4 Kh8 18. Qe2 b5 19. axb6 Rxb6 20. Bc3 Ra8 21. hxg6 Qxg6
22. Ra5 Rc8 23. Qf2 Ng8 24. Qh4 Bf6 25. Qh5 Kg7 26. Qxg6+ hxg6 27. Ke2 Nh6 28.
Bxa6 Ra8 29. Rha1 Nf7 30. Bb5 Rh8 31. Bd7 Rh2 32. Rg1 c4 33. Rc5 Nd6 34. Bh3
Rb8 35. Rc7 Rh8 36. Bg4 R8h4 37. Be6 Kh6 38. Bd7 g5 39. Bb4 Nf7 40. Rxc4 g4 41.
Bxg4 Rxg4 42. fxg4 Kg5 43. Rc7 Kxg4 44. Kd3 Bh4 45. Bxe7 Bf2 46. Rf1 Rxg2 47.
Bh4 Bxh4 48. Rxf7 Rg3+ 49. Kc4 Re3 50. Rg7+ Kh5 51. d6 Rxe4+ 52. Kd5 Re2 53.
Ke6 Rxc2 54. Kf5 Kh6 55. Rfg1 Bg3 56. Rg6+ Kh7 57. Rh1+ Rh2 58. Rxh2+ 1-0

[Event "Midland Ch Forrest Cup"]
[Site "Derby"]
[Date "1985.02.16"]
[Round "2"]
[White "Barton, R Alan"]
[Black "Baker, Chris W"]
[Result "1/2-1/2"]
[WhiteElo "2110"]
[BlackElo "2342"]
[PlyCount "115"]
[EventDate "1985.02.15"]
[EventType "swiss"]
[EventRounds "6"]
[EventCountry "ENG"]
[SourceTitle "BritBase"]
[Source "John Saunders"]
[SourceDate "2022.08.21"]
[SourceVersion "1"]
[SourceVersionDate "2022.08.21"]
[SourceQuality "1"]

1. d4 Nf6 2. Nf3 c5 3. c3 g6 4. Bf4 cxd4 5. cxd4 Qb6 6. Qb3 Nc6 7. Qxb6 axb6 8.
Nc3 Bg7 9. e4 d6 10. h3 O-O 11. Be2 Nxd4 12. Nxd4 e5 13. Be3 exd4 14. Bxd4 Re8
15. f3 d5 16. exd5 Ra5 17. Rd1 Bd7 18. Kf2 Nh5 19. Rhe1 Ba4 20. Nxa4 Rxa4 21.
Bxg7 Kxg7 22. Bb5 Rxe1 23. Kxe1 Rxa2 24. d6 Ra8 25. d7 Rd8 26. g4 Nf4 27. h4
Ne6 28. Kf2 Nc7 29. Bf1 Kf8 30. Rd6 Na8 31. Rd4 Ke7 32. Bb5 Nc7 33. Re4+ Kf8
34. Re8+ Nxe8 35. dxe8=Q+ Rxe8 36. Bxe8 Kxe8 37. Ke3 Kd7 38. Kf4 f6 39. h5 $2 (
39. Ke4 $11) 39... Kd6 40. hxg6 hxg6 41. Ke4 Kc5 42. f4 Kc4 $2 (42... b5 $1 43.
g5 $140 fxg5 44. fxg5 Kd6 $1 $19) 43. g5 fxg5 44. fxg5 b5 45. Ke5 b4 46. Kf6
Kb3 47. Kxg6 Kxb2 48. Kf6 b3 49. g6 Kc3 50. g7 b2 51. g8=Q b1=Q 52. Qc8+ Kd2
53. Qd7+ Ke1 54. Qe6+ Kf2 55. Qf5+ Qxf5+ 56. Kxf5 Ke3 57. Ke5 b5 58. Kd5
1/2-1/2

[Event "Midland Ch Forrest Cup"]
[Site "Derby"]
[Date "1985.02.16"]
[Round "2"]
[White "Smith, Alan A"]
[Black "Hills, Kenneth B"]
[Result "1/2-1/2"]
[WhiteElo "2238"]
[BlackElo "2072"]
[PlyCount "50"]
[EventDate "1985.02.15"]
[EventType "swiss"]
[EventRounds "6"]
[EventCountry "ENG"]
[SourceTitle "BritBase"]
[Source "John Saunders"]
[SourceDate "2022.08.21"]
[SourceVersion "1"]
[SourceVersionDate "2022.08.21"]
[SourceQuality "1"]

1. e4 c5 2. Nf3 e6 3. Nc3 a6 4. g3 Nc6 5. Bg2 Nge7 6. O-O d6 7. Re1 e5 8. d3 g6
9. Bg5 Bg7 10. Nd5 h6 11. Bf6 Bxf6 12. Nxf6+ Kf8 13. Nh4 Kg7 14. Nd5 Nxd5 15.
exd5 Ne7 16. c3 Nf5 17. Nf3 Re8 18. Qd2 Bd7 19. h4 Ne7 20. d4 exd4 21. cxd4 c4
22. Qf4 Nxd5 23. Qxd6 Be6 24. Qa3 b5 25. Ne5 Qb6 1/2-1/2

[Event "Midland Ch Forrest Cup"]
[Site "Derby"]
[Date "1985.02.16"]
[Round "2"]
[White "Briggs, Philip J"]
[Black "Kemp, Peter D"]
[Result "0-1"]
[WhiteElo "2088"]
[BlackElo "2118"]
[PlyCount "62"]
[EventDate "1985.02.15"]
[EventType "swiss"]
[EventRounds "6"]
[EventCountry "ENG"]
[SourceTitle "BritBase"]
[Source "John Saunders"]
[SourceDate "2022.08.21"]
[SourceVersion "1"]
[SourceVersionDate "2022.08.21"]
[SourceQuality "1"]

1. c4 e5 2. g4 d6 3. Bg2 c6 4. e4 Be6 5. d3 Nd7 6. h3 Ne7 7. Nf3 Ng6 8. Ng5 Be7
9. Nf3 h6 10. Nc3 Bg5 11. Ne2 Qf6 12. b4 Nf4 13. Bxf4 Bxf4 14. Ng3 g6 15. Nh2
O-O 16. O-O b5 17. Qc2 Rfc8 18. a4 Nb6 19. a5 Nd7 20. Ne2 c5 21. Nxf4 Qxf4 22.
cxb5 cxb4 23. Qb2 b3 24. Bf3 Rab8 25. b6 axb6 26. a6 Ra8 27. d4 Rc2 28. Qa3 Bc4
29. Rfd1 Rxa6 30. Qb4 Rxa1 31. Rxa1 Rc1+ 0-1

[Event "Midland Ch Forrest Cup"]
[Site "Derby"]
[Date "1985.02.16"]
[Round "2"]
[White "Toothill, Andrew"]
[Black "Hardy, Otto Henry"]
[Result "1/2-1/2"]
[WhiteElo "2192"]
[BlackElo "1908"]
[PlyCount "57"]
[EventDate "1985.02.15"]
[EventType "swiss"]
[EventRounds "6"]
[EventCountry "ENG"]
[SourceTitle "BritBase"]
[Source "John Saunders"]
[SourceDate "2022.08.21"]
[SourceVersion "1"]
[SourceVersionDate "2022.08.21"]
[SourceQuality "1"]

1. d4 e6 2. Nd2 d5 3. g3 c5 4. Ngf3 Nc6 5. dxc5 Bxc5 6. Nb3 Bd6 7. Bg2 Nf6 8.
O-O O-O 9. Be3 b6 10. Nbd4 Nxd4 11. Nxd4 Bd7 12. a4 Rc8 13. f3 e5 14. Nb3 Qc7
15. c3 Bc6 16. Kh1 Qb7 17. Bg5 Be7 18. Bxf6 Bxf6 19. e3 Rcd8 20. Qc2 g6 21. a5
Bg7 22. Rfd1 d4 23. exd4 Bxf3 24. Bxf3 Qxf3+ 25. Qg2 Qxg2+ 26. Kxg2 exd4 27.
Nxd4 Bxd4 28. cxd4 Rd5 29. axb6 1/2-1/2

[Event "Midland Ch Forrest Cup"]
[Site "Derby"]
[Date "1985.02.16"]
[Round "2"]
[White "Arkell, Keith C"]
[Black "Wheeler, Darren P"]
[Result "0-1"]
[WhiteElo "2320"]
[BlackElo "2028"]
[PlyCount "70"]
[EventDate "1985.02.15"]
[EventType "swiss"]
[EventRounds "6"]
[EventCountry "ENG"]
[SourceTitle "BritBase"]
[Source "John Saunders"]
[SourceDate "2022.08.21"]
[SourceVersion "1"]
[SourceVersionDate "2022.08.21"]
[SourceQuality "1"]

1. e4 e6 2. d4 d5 3. Nc3 Bb4 4. e5 c5 5. Bd2 Ne7 6. Nb5 Bxd2+ 7. Qxd2 O-O 8.
Nf3 Nbc6 9. c3 f6 10. exf6 gxf6 11. dxc5 e5 12. Nd6 b6 13. Nxc8 Rxc8 14. cxb6
Qxb6 15. Be2 Rfd8 16. O-O Ng6 17. Bd1 d4 18. Bb3+ Kg7 19. cxd4 e4 20. Ne1 Nxd4
21. Qe3 f5 22. g3 h6 23. Kg2 Qb7 24. f4 exf3+ 25. Nxf3 f4 26. Qf2 Ne5 27. Bd1
Ng4 28. Qg1 Ne3+ 29. Kh1 Nxf1 30. gxf4+ Kh8 31. Qxf1 Qxb2 32. Qh3 Nf5 33. Ne5
Qxa1 34. Qxf5 Qxd1+ 35. Kg2 Qc2+ 0-1

[Event "Midland Ch Forrest Cup"]
[Site "Derby"]
[Date "1985.02.16"]
[Round "2"]
[White "Heelan, David W"]
[Black "Nicholls, David J"]
[Result "1-0"]
[WhiteElo "1795"]
[BlackElo "1998"]
[PlyCount "103"]
[EventDate "1985.02.15"]
[EventType "swiss"]
[EventRounds "6"]
[EventCountry "ENG"]
[SourceTitle "BritBase"]
[Source "John Saunders"]
[SourceDate "2022.08.21"]
[SourceVersion "1"]
[SourceVersionDate "2022.08.21"]
[SourceQuality "1"]

1. d4 Nf6 2. c4 e6 3. Nc3 Bb4 4. e3 c5 5. Bd3 Nc6 6. Nge2 d5 7. O-O O-O 8. a3
cxd4 9. axb4 dxc3 10. bxc3 dxc4 11. Bxc4 Qc7 12. Qc2 b6 13. e4 Bb7 14. f3 a5
15. Bd2 Ne5 16. Bb3 Ba6 17. c4 axb4 18. Bxb4 Rfd8 19. Rfd1 Rxd1+ 20. Rxd1 Rd8
21. Rxd8+ Qxd8 22. Qa2 Nd3 23. Qd2 Qd7 24. Nf4 Nxb4 25. Qxb4 Qd4+ 26. Kf1 g5
27. Ne2 Qd8 28. Ke1 Nd7 29. Qd6 Bc8 30. Ba4 Qf8 31. Qxf8+ Kxf8 32. Bxd7 Bxd7
33. Kd2 Ke7 34. Kc3 Kd6 35. Kd4 e5+ 36. Kd3 f5 37. Nc3 f4 38. Nd5 Kc5 39. Nf6
Be6 40. Nxh7 Bxc4+ 41. Kc3 b5 42. Nxg5 b4+ 43. Kb2 Kd4 $4 (43... Kd6 $11) 44.
h4 Ke3 45. h5 Kf2 46. h6 Bg8 47. h7 Bxh7 48. Nxh7 Kxg2 49. Ng5 Kf2 50. Kb3 Ke3
51. Kxb4 Kd4 52. Kb5 1-0

[Event "Midland Ch Forrest Cup"]
[Site "Derby"]
[Date "1985.02.16"]
[Round "2"]
[White "Dicks, Russell"]
[Black "Shannon, John E"]
[Result "0-1"]
[WhiteElo "1832"]
[BlackElo "2155"]
[PlyCount "96"]
[EventDate "1985.02.15"]
[EventType "swiss"]
[EventRounds "6"]
[EventCountry "ENG"]
[SourceTitle "BritBase"]
[Source "John Saunders"]
[SourceDate "2022.08.21"]
[SourceVersion "1"]
[SourceVersionDate "2022.08.21"]
[SourceQuality "1"]

1. e4 c5 2. c3 e6 3. d4 cxd4 4. cxd4 Nf6 5. e5 Nd5 6. Nf3 b6 7. Nc3 Bb7 8. Bd3
Be7 9. O-O Nxc3 10. bxc3 Nc6 11. Qe2 Rc8 12. Rd1 Na5 13. c4 Bxf3 14. Qxf3 Nxc4
15. Qg3 Kf8 16. Be4 d5 17. exd6 Bxd6 18. Qd3 h6 19. f4 Qf6 20. f5 e5 21. Bd5 b5
22. Rb1 exd4 23. Rxb5 Nb6 24. Bb3 Nd7 25. Qxd4 $4 (25. Bb2 $18) 25... Qxd4+ (
25... Rxc1) 26. Rxd4 Rxc1+ 27. Kf2 Ke7 28. Rbd5 Rc6 29. Ba4 Rb6 30. Re4+ Ne5
31. Rexe5+ Bxe5 32. Rxe5+ Kf6 33. Ra5 a6 34. Bb3 Rd8 35. h3 Rd2+ 36. Kg3 Rd4
37. Kf3 Rdb4 38. Ke3 R4b5 39. Rxb5 Rxb5 40. g4 Rb4 41. Kd3 g6 42. fxg6 fxg6 43.
Bc4 a5 44. Kc3 Ke5 45. h4 Kf4 46. h5 g5 47. Be6 Kg3 48. a3 Rxg4 0-1

[Event "Midland Ch Forrest Cup"]
[Site "Derby"]
[Date "1985.02.16"]
[Round "2"]
[White "Wagenbach, Janos J"]
[Black "Blore, John D"]
[Result "0-1"]
[WhiteElo "1818"]
[BlackElo "2035"]
[PlyCount "76"]
[EventDate "1985.02.15"]
[EventType "swiss"]
[EventRounds "6"]
[EventCountry "ENG"]
[SourceTitle "BritBase"]
[Source "John Saunders"]
[SourceDate "2022.08.21"]
[SourceVersion "1"]
[SourceVersionDate "2022.08.21"]
[SourceQuality "1"]

1. d4 g6 2. g3 Bg7 3. Bg2 d6 4. e4 Nd7 5. Ne2 c5 6. O-O cxd4 7. Nxd4 Ngf6 8. c3
O-O 9. Be3 Nc5 10. Qc2 Rb8 11. Rd1 Ng4 12. Bc1 f5 13. h3 Ne5 14. exf5 Bxf5 15.
Nxf5 gxf5 16. Be3 b6 17. Na3 Qd7 18. Rd2 Ne4 19. Re2 b5 20. Bxe4 $4 (20. Rd1
$14) 20... fxe4 21. Qxe4 Qxh3 (21... d5 $1 22. Qg2 Nf3+ 23. Kh1 b4 $1 $19) 22.
Bf4 Kh8 23. Nc2 Rxf4 24. Qxf4 Rf8 25. Qxf8+ Bxf8 26. Ne1 h5 27. Rd1 h4 28. gxh4
Bh6 29. Rd4 Ng4 30. Rxg4 Qxg4+ 31. Kf1 Qh3+ 32. Kg1 Bf4 33. f3 e5 34. Rg2 Be3+
35. Kf1 Bd2 36. Nd3 Qxf3+ 37. Nf2 e4 38. Kg1 e3 0-1

[Event "Midland Ch Forrest Cup"]
[Site "Derby"]
[Date "1985.02.16"]
[Round "3"]
[White "Hills, Kenneth B"]
[Black "Dunworth, Christopher N"]
[Result "1/2-1/2"]
[WhiteElo "2072"]
[BlackElo "2080"]
[PlyCount "59"]
[EventDate "1985.02.15"]
[EventType "swiss"]
[EventRounds "6"]
[EventCountry "ENG"]
[SourceTitle "BritBase"]
[Source "John Saunders"]
[SourceDate "2022.08.21"]
[SourceVersion "1"]
[SourceVersionDate "2022.08.21"]
[SourceQuality "1"]

1. d4 Nf6 2. Bg5 d5 3. Bxf6 exf6 4. e3 Bd6 5. Bd3 Be6 6. c3 O-O 7. Qc2 g6 8.
Nd2 f5 9. Ne2 Nd7 10. c4 dxc4 11. Nxc4 Bxc4 12. Bxc4 Nf6 13. Nc3 c6 14. Be2 Re8
15. Bf3 Qc7 16. O-O-O Qe7 17. Kb1 Ne4 18. h4 Nxc3+ 19. Qxc3 h5 20. g3 Rac8 21.
Rc1 c5 22. Qb3 b6 23. Bd5 Kg7 24. Rhd1 Rc7 25. dxc5 Bxc5 26. Rd3 Rd8 27. Rcd1
Rcd7 28. Qc3+ Qf6 29. Qxf6+ Kxf6 30. Kc2 1/2-1/2

[Event "Midland Ch Forrest Cup"]
[Site "Derby"]
[Date "1985.02.16"]
[Round "3"]
[White "Baker, Chris W"]
[Black "Maullin, Robert E"]
[Result "1-0"]
[WhiteElo "2342"]
[BlackElo "2028"]
[PlyCount "109"]
[EventDate "1985.02.15"]
[EventType "swiss"]
[EventRounds "6"]
[EventCountry "ENG"]
[SourceTitle "BritBase"]
[Source "John Saunders"]
[SourceDate "2022.08.21"]
[SourceVersion "1"]
[SourceVersionDate "2022.08.21"]
[SourceQuality "1"]

1. d4 Nf6 2. c4 g6 3. g3 d5 4. cxd5 Nxd5 5. Bg2 Bg7 6. Nf3 O-O 7. O-O Nd7 8. b3
N7f6 9. Bb2 Bf5 10. Nbd2 Ne4 11. Nc4 Ndc3 12. Qe1 Nb5 13. Nh4 Ned6 14. Nxd6
Nxd6 15. Nxf5 gxf5 16. Qd2 e6 17. Rac1 c6 18. Rfd1 Qf6 19. Qa5 Rfd8 20. Rc2 Qg5
21. e3 Qg4 22. Rdc1 h5 23. Ba3 Nb5 24. Be7 Re8 25. Qb4 a5 26. Qc5 Nc7 27. Bh4
Reb8 28. Re1 Bf8 29. Qe5 Ne8 30. Qf4 Qxf4 31. gxf4 Kg7 32. Bf3 Bb4 33. Ra1 Kh6
34. Kh1 a4 35. bxa4 Rxa4 36. Rb1 Bd6 37. Rcb2 Rba8 38. Rxb7 Rxa2 39. Bxc6 Nc7
40. R7b6 R8a6 41. Bf3 Ra1 42. Kg2 Kg6 43. Rb8 Rxb1 44. Rxb1 Ne8 45. Kh1 Ra2 46.
Rg1+ Kh6 47. Rg8 Ng7 48. Rh8+ Kg6 49. Bg5 f6 50. Rh6+ Kf7 51. Rxf6+ Kg8 52. Kg2
Be7 53. Rh6 Bb4 54. d5 Be1 55. Bh4 1-0